Spokane City Metro - Statistics

General Stats
  • This quiz has been taken 218 times
  • The average score is 7 of 13
Answers on the Map
Answers color-coded by a green-red scale on the quiz's map according to % correct below.
 
Answer Stats
Population City % Correct
219,910 Spokane
96%
94,919 Spokane Valley
92%
8,906 Liberty Lake
75%
11,354 Cheney
71%
6,639 Airway Heights
65%
3,652 Deer Park
61%
5,060 Medical Lake
58%
1,786 Millwood
42%
6,220 Otis-Orchards-East Farms
40%
2,736 Fairchild Air Force Base
29%
5,841 Country Homes
26%
4,857 Town and Country
24%
7,905 Fairwood
18%
No matching quizzes found
Score Distribution
Percent of People with Each Score
Percentile by Number Answered
Your Score History
You have not taken this quiz